000 00567nam a22002177a 4500
999 _c6328
_d6328
003 OSt
005 20190918150323.0
008 151204b xxu||||| |||| 00| 0 eng d
020 _a 9780716764281
020 _a0716752514
040 _cDDC
082 _a150 MYE 2004
100 _aMyers, David G.
_96504
245 _aPsychology
250 _a7th ed.
260 _aNew York; Worth publishers, 2004
300 _axxxvii,692p; col.ill: 28.5cm
504 _aAppendices,glossary, references, & indices included
650 _aPsychology
_931
942 _2z
_cO_SHELF